000
00345nam a2200157Ia 4500
003
OSt
005
20240130104901.0
008
170524s9999 xx 000 0 und d
020
_a
9780199731244
040
_c
iimtu
100
_a
Pratap Rudra
245
0
_a
Getting Started With MATLAB
260
_b
Oxford
260
_c
2010
942
_2
ddc
_c
02
999
_c
6045
_d
6045